000 01199nam a2200325 i 4500
999 _c65169
_d65169
001 768714001
003 CO-MdFUSB
005 20190830125236.0
008 190828t1984 -usa|||| |||| 00| 0 eng d
020 _a0800615379
040 _aCO-MdFUSB
_bspa
_cCO-MdFUSB
_dCO-MdFUSBC
_erda
041 _aeng
082 _a221.922
_bT822
100 _aTrible, Phyllis.
_eautor
245 1 _aTexts of terror :
_bliterary -feminist readings of Biblical narratives.
_c/ Phyllis, Trible.
264 1 _aEstados Unidos :
_bFortress Press,
_c[1984]
264 4 _c© 1984
300 _axiv, 128 páginas
_c; 22 cm.
336 _2rdacontent
_atexto
_btxt
337 _2rdamedia
_asin mediación
_bn
338 _2rdacarrier
_avolumen
_bnc
490 _aOvertures to Biblical Theology
505 _aIntroducción. Al contar historias tristes. -- Agar: la desolación del rechazo. -- Tamar: la violación real de la sabiduría. -- Una mujer sin nombre: la extravagancia de la violencia. -- La hija de Jefté: un sacrificio inhumano.
563 _aRústico
650 7 _9450
_aBiblia y feminismo
650 7 _9327
_aMujeres en la Biblia
653 _aViolencia en la biblia
942 _cBK
945 _aJTF-925